<?xml version="1.0" encoding="UTF-8"?>
<record
    xmlns:xsi="http://www.w3.org/2001/XMLSchema-instance"
    xsi:schemaLocation="http://www.loc.gov/MARC21/slim http://www.loc.gov/standards/marcxml/schema/MARC21slim.xsd"
    xmlns="http://www.loc.gov/MARC21/slim">

  <leader>01726nam a22002777a 4500</leader>
  <controlfield tag="005">2010080502492.0</controlfield>
  <datafield tag="010" ind1=" " ind2=" ">
    <subfield code="a">HIN-89997</subfield>
  </datafield>
  <datafield tag="020" ind1=" " ind2=" ">
    <subfield code="a">9788189868167</subfield>
    <subfield code="c">150.00</subfield>
  </datafield>
  <datafield tag="035" ind1=" " ind2=" ">
    <subfield code="a"> HN-62343</subfield>
  </datafield>
  <datafield tag="037" ind1=" " ind2=" ">
    <subfield code="b">DBAD / PUB</subfield>
  </datafield>
  <datafield tag="082" ind1=" " ind2=" ">
    <subfield code="a">&#x909;</subfield>
  </datafield>
  <datafield tag="100" ind1=" " ind2=" ">
    <subfield code="a">&#x915;&#x94B;&#x932;&#x902;&#x924;&#x93E;&#x908;, &#x905;&#x932;&#x947;&#x915;&#x94D;&#x91C;&#x947;&#x902;&#x921;&#x94D;&#x930;&#x93E;</subfield>
    <subfield code="9">6777</subfield>
  </datafield>
  <datafield tag="245" ind1=" " ind2=" ">
    <subfield code="a">&#x90F;&#x915; &#x92E;&#x939;&#x93E;&#x928; &#x92A;&#x94D;&#x930;&#x947;&#x92E;  /</subfield>
    <subfield code="c">&#x905;&#x932;&#x947;&#x915;&#x94D;&#x91C;&#x947;&#x902;&#x921;&#x94D;&#x930;&#x93E; &#x915;&#x94B;&#x932;&#x902;&#x924;&#x93E;&#x908;;&#x932;&#x93E;&#x932; &#x92C;&#x939;&#x93E;&#x926;&#x941;&#x930; &#x935;&#x930;&#x94D;&#x92E;&#x93E; &#x926;&#x94D;&#x935;&#x93E;&#x930;&#x93E; &#x905;&#x928;&#x941;&#x935;&#x93E;&#x926;&#x93F;&#x924; &#x90F;&#x902;&#x935; &#x906;&#x932;&#x94B;&#x915; &#x936;&#x94D;&#x930;&#x940;&#x935;&#x93E;&#x938;&#x94D;&#x924;&#x935; &#x926;&#x94D;&#x935;&#x93E;&#x930;&#x93E; &#x938;&#x902;&#x92A;&#x93E;&#x926;&#x93F;&#x924;</subfield>
  </datafield>
  <datafield tag="246" ind1=" " ind2=" ">
    <subfield code="a">Ek Mahan Prem</subfield>
    <subfield code="b">by Alexandra Kollantai;Translated by Lal Bahadur Verma And Edited by Akok Shrivastava</subfield>
  </datafield>
  <datafield tag="260" ind1=" " ind2=" ">
    <subfield code="a">&#x92E;&#x947;&#x930;&#x920;</subfield>
    <subfield code="b">&#x938;&#x902;&#x935;&#x93E;&#x926; &#x92A;&#x94D;&#x930;&#x915;&#x93E;&#x936;&#x928;</subfield>
    <subfield code="c">2009</subfield>
  </datafield>
  <datafield tag="270" ind1=" " ind2=" ">
    <subfield code="a">&#x906;&#x908;-499, &#x936;&#x93E;&#x938;&#x94D;&#x924;&#x94D;&#x930;&#x940; &#x928;&#x917;&#x930;</subfield>
    <subfield code="b">&#x92E;&#x947;&#x930;&#x920; (&#x909;.&#x92A;&#x94D;&#x930;.)</subfield>
    <subfield code="e">250004</subfield>
  </datafield>
  <datafield tag="300" ind1=" " ind2=" ">
    <subfield code="a">128&#x92A;&#x943;.</subfield>
    <subfield code="c">22&#x938;&#x947;&#x92E;&#x940; (&#x938;&#x91C;&#x93F;&#x932;&#x94D;&#x926;)</subfield>
  </datafield>
  <datafield tag="490" ind1=" " ind2=" ">
    <subfield code="a">&#x935;&#x93F;&#x936;&#x94D;&#x935; &#x917;&#x94D;&#x930;&#x902;&#x925;&#x92E;&#x93E;&#x932;&#x93E;</subfield>
    <subfield code="9">6778</subfield>
  </datafield>
  <datafield tag="500" ind1=" " ind2=" ">
    <subfield code="a">&#x930;&#x942;&#x938;&#x940; &#x915;&#x94D;&#x930;&#x93E;&#x902;&#x924;&#x93F;&#x915;&#x93E;&#x930;&#x940; &#x932;&#x947;&#x916;&#x93F;&#x915;&#x93E; &#x905;&#x932;&#x947;&#x915;&#x94D;&#x91C;&#x947;&#x902;&#x921;&#x94D;&#x930;&#x93E; &#x915;&#x94B;&#x932;&#x902;&#x924;&#x93E;&#x908; &#x915;&#x940; &#x92A;&#x94D;&#x930;&#x916;&#x94D;&#x92F;&#x93E;&#x924; &#x914;&#x92A;&#x928;&#x94D;&#x92F;&#x93E;&#x938;&#x93F;&#x915; &#x915;&#x943;&#x924;&#x93F; '&#x90F; &#x917;&#x94D;&#x930;&#x947;&#x91F; &#x932;&#x935;'</subfield>
  </datafield>
  <datafield tag="650" ind1=" " ind2=" ">
    <subfield code="b">&#x939;&#x93F;&#x928;&#x94D;&#x926;&#x940; &#x915;&#x925;&#x93E; &#x938;&#x93E;&#x939;&#x93F;&#x924;&#x94D;&#x92F;</subfield>
    <subfield code="9">657</subfield>
  </datafield>
  <datafield tag="650" ind1=" " ind2=" ">
    <subfield code="b">Hindi Katha Sahitya</subfield>
    <subfield code="9">658</subfield>
  </datafield>
  <datafield tag="700" ind1=" " ind2=" ">
    <subfield code="9">5361</subfield>
    <subfield code="a">&#x935;&#x930;&#x94D;&#x92E;&#x93E;, &#x932;&#x93E;&#x932; &#x92C;&#x939;&#x93E;&#x926;&#x941;&#x930;</subfield>
  </datafield>
  <datafield tag="700" ind1=" " ind2=" ">
    <subfield code="a">&#x936;&#x94D;&#x930;&#x940;&#x935;&#x93E;&#x938;&#x94D;&#x924;&#x935;, &#x906;&#x932;&#x94B;&#x915; </subfield>
    <subfield code="9">789</subfield>
  </datafield>
  <datafield tag="942" ind1=" " ind2=" ">
    <subfield code="2">ddc</subfield>
    <subfield code="c">HN</subfield>
    <subfield code="h">&#x909;</subfield>
    <subfield code="m">&#x915;&#x94B;&#x932;&#x902;&#x924;&#x93E;</subfield>
  </datafield>
  <datafield tag="999" ind1=" " ind2=" ">
    <subfield code="c">39417</subfield>
    <subfield code="d">39417</subfield>
  </datafield>
  <datafield tag="952" ind1=" " ind2=" ">
    <subfield code="0">0</subfield>
    <subfield code="1">0</subfield>
    <subfield code="4">0</subfield>
    <subfield code="7">1</subfield>
    <subfield code="8">FIC</subfield>
    <subfield code="a">DBAD</subfield>
    <subfield code="b">DBAD</subfield>
    <subfield code="d">2010-08-05</subfield>
    <subfield code="e">DBAD / PUB</subfield>
    <subfield code="g">150.00</subfield>
    <subfield code="l">0</subfield>
    <subfield code="o">&#x909; &#x915;&#x94B;&#x932;&#x902;&#x924;&#x93E;</subfield>
    <subfield code="p">HN-62343</subfield>
    <subfield code="r">2010-08-05 00:00:00</subfield>
    <subfield code="t">1</subfield>
    <subfield code="v">150.00</subfield>
    <subfield code="w">2010-08-05</subfield>
    <subfield code="y">HN</subfield>
  </datafield>
</record>
